| 000 | 00817nam a2200313 a 4500 | ||
|---|---|---|---|
| 001 | 39575 | ||
| 003 | AR-BaAGN | ||
| 005 | 20231208062543.0 | ||
| 007 | ta | ||
| 008 | 220625s1991 sp |||||r|||| ||||||spa d | ||
| 020 | _a84-7232-617-9 | ||
| 040 |
_dAR-BaAGN _aAR-BaAGN _eaacr _bspa |
||
| 100 | 1 | _aGluckmann, Daniel | |
| 245 | 1 | 0 | _aAntigua |
| 250 | _a1ª ed. | ||
| 260 |
_aMadrid : _bInstituto de Cooperación Iberoamericana, _c1991. |
||
| 300 |
_a225 páginas : _bil. |
||
| 336 |
_2rdacontent _btxt |
||
| 337 |
_2rdamedia _bn |
||
| 338 |
_2rdacarrier _bnc |
||
| 490 | 0 | _aCiudades iberoamericanas | |
| 650 | 4 |
_aFOTOGRAFÍA _91708 |
|
| 651 | 4 |
_aAntigua Guatemala _95795 |
|
| 651 | 4 |
_aGuatemala _93606 |
|
| 700 | 1 | _aAlvar, Manuel | |
| 700 | 1 |
_aGluckmann, Daniel _epht |
|
| 942 |
_cLIBRO _n0 |
||
| 999 |
_c39575 _d39575 |
||